000 00658nam a2200193 4500
008 201207b ||||| |||| 00| 0 eng d
040 _bger
_cDE-2950
_erda
_aDE-2950
041 _ager
245 _aTäter - Opfer - Polizei - Die RBB-Fernsehfahnder /
_cUwe Madel
264 _c2023
490 _aDie Mark Brandenburg
_vHeft 131: Kriminalfall Brandenburg. 2023
653 _aBrandenburg <Land>
653 _aKriminalität
773 _dBerlin: Die Mark Brandenburg - Verlag für Regional- und Zeitgeschichte
_g(2023) Heft 131, S. 44-48 : Abb.
_tDie Mark Brandenburg
942 _cA
999 _c373085
_d373085